[Event "DVM U12 2022"]
[Site "München GER"]
[Date "2022.12.29"]
[Round "5"]
[White "Ramming, Moritz"]
[Black "Cao, Yuanshu"]
[Result "1-0"]
[Termination "normal"]
[Board "5.1"]
[WhiteElo "1634"]
[BlackElo "1489"]
[WhiteClock "01:18:14"]
[BlackClock "00:58:44"]
[WhiteTeam "SK Kelheim 1920"]
[BlackTeam "SchachAkademiePaderborn"]
[PlyCount "93"]
[WhiteFideId "34618198"]
[BlackFideId "34640428"]
[EventCountry "GER"]
[EventRounds "7"]
[EventType "team-swiss"]
[EventDate "2022.12.26"]

1. e4 {[%clk 01:30:55]} {[%emt 00:00:04]} e6 {[%clk 01:30:58]} {[%emt
00:00:03]} 2. d4 {[%clk 01:31:15]} {[%emt 00:00:11]} d5 {[%clk 01:31:23]}
{[%emt 00:00:04]} 3. e5 {[%clk 01:31:39]} {[%emt 00:00:06]} c5 {[%clk
01:31:49]} {[%emt 00:00:04]} 4. c3 {[%clk 01:32:02]} {[%emt 00:00:07]} Qb6
{[%clk 01:32:09]} {[%emt 00:00:11]} 5. Nf3 {[%clk 01:32:13]} {[%emt 00:00:19]}
Nc6 {[%clk 01:32:27]} {[%emt 00:00:10]} 6. Be2 {[%clk 01:32:26]} {[%emt
00:00:17]} cxd4 {[%clk 01:32:43]} {[%emt 00:00:15]} 7. cxd4 {[%clk 01:32:46]}
{[%emt 00:00:10]} Nh6 {[%clk 01:33:05]} {[%emt 00:00:08]} 8. O-O {[%clk
01:31:37]} {[%emt 00:01:39]} Nf5 {[%clk 01:33:15]} {[%emt 00:00:20]} 9. Be3
{[%clk 01:30:37]} {[%emt 00:01:30]} Qxb2 {[%clk 01:31:54]} {[%emt 00:01:52]}
10. Nbd2 {[%clk 01:29:26]} {[%emt 00:01:39]} Nfxd4 {[%clk 01:31:08]} {[%emt
00:01:17]} 11. Nxd4 {[%clk 01:28:13]} {[%emt 00:01:43]} Nxd4 {[%clk 01:31:15]}
{[%emt 00:00:23]} 12. Qa4 {[%clk 01:26:33]} {[%emt 00:02:10]} Nc6 {[%clk
01:31:04]} {[%emt 00:00:42]} 13. Rac1 {[%clk 01:26:06]} {[%emt 00:00:56]} Qxe5
{[%clk 01:28:36]} {[%emt 00:02:58]} 14. Rxc6 {[%clk 01:25:01]} {[%emt
00:01:35]} Bd7 {[%clk 01:28:40]} {[%emt 00:00:26]} 15. Bb5 {[%clk 01:25:01]}
{[%emt 00:00:29]} bxc6 {[%clk 01:28:28]} {[%emt 00:00:43]} 16. Bxc6 {[%clk
01:24:18]} {[%emt 00:01:13]} Rd8 {[%clk 01:28:43]} {[%emt 00:00:15]} 17. Rc1
{[%clk 01:22:52]} {[%emt 00:01:57]} Qd6 {[%clk 01:27:26]} {[%emt 00:01:47]} 18.
Nf3 {[%clk 01:19:41]} {[%emt 00:03:40]} Be7 {[%clk 01:23:06]} {[%emt 00:04:51]}
19. Bf4 {[%clk 01:19:06]} {[%emt 00:01:04]} e5 {[%clk 01:17:52]} {[%emt
00:05:44]} 20. Nxe5 {[%clk 01:18:14]} {[%emt 00:01:22]} Bg5 {[%clk 01:13:21]}
{[%emt 00:05:01]} 21. Bxd7 {[%clk 01:17:14]} {[%emt 00:01:29]} Rxd7 {[%clk
01:12:04]} {[%emt 00:01:48]} 22. Bxg5 {[%clk 01:16:04]} {[%emt 00:01:40]} f6
{[%clk 01:09:11]} {[%emt 00:03:23]} 23. Nxd7 {[%clk 01:15:27]} {[%emt
00:01:06]} fxg5 {[%clk 01:05:21]} {[%emt 00:04:21]} 24. Rc8 {[%clk 01:15:24]}
{[%emt 00:00:33]} Ke7 {[%clk 01:04:01]} {[%emt 00:01:50]} 25. Rxh8 {[%clk
01:15:35]} {[%emt 00:00:20]} h5 {[%clk 01:03:13]} {[%emt 00:01:17]} 26. Ne5
{[%clk 01:15:21]} {[%emt 00:00:43]} Kf6 {[%clk 01:00:49]} {[%emt 00:02:55]} 27.
Qd4 {[%clk 01:14:19]} {[%emt 00:01:32]} Ke7 {[%clk 00:58:06]} {[%emt 00:03:13]}
28. Nc6 {[%clk 01:14:20]} {[%emt 00:00:29]} Kf7 {[%clk 00:57:55]} {[%emt
00:00:40]} 29. Nd8 {[%clk 01:13:56]} {[%emt 00:00:55]} Kg6 {[%clk 00:57:29]}
{[%emt 00:00:56]} 30. Qd3 {[%clk 01:13:31]} {[%emt 00:00:54]} Kf6 {[%clk
00:57:13]} {[%emt 00:00:46]} 31. Qc3 {[%clk 01:14:00]} {[%emt 00:00:02]} Kg6
{[%clk 00:57:23]} {[%emt 00:00:20]} 32. Qc6 {[%clk 01:14:11]} {[%emt 00:00:19]}
Qxc6 {[%clk 00:57:42]} {[%emt 00:00:11]} 33. Nxc6 {[%clk 01:14:25]} {[%emt
00:00:16]} Kf5 {[%clk 00:58:00]} {[%emt 00:00:13]} 34. Rxh5 {[%clk 01:14:39]}
{[%emt 00:00:16]} g6 {[%clk 00:58:09]} {[%emt 00:00:20]} 35. Rh3 {[%clk
01:14:54]} {[%emt 00:00:15]} Kf4 {[%clk 00:58:03]} {[%emt 00:00:36]} 36. Rf3
{[%clk 01:15:09]} {[%emt 00:00:14]} Ke4 {[%clk 00:58:24]} {[%emt 00:00:09]} 37.
Re3 {[%clk 01:15:34]} {[%emt 00:00:04]} Kf4 {[%clk 00:58:35]} {[%emt 00:00:20]}
38. g3 {[%clk 01:15:47]} {[%emt 00:00:17]} Kg4 {[%clk 00:58:22]} {[%emt
00:00:43]} 39. f3 {[%clk 01:16:02]} {[%emt 00:00:14]} Kh5 {[%clk 00:58:17]}
{[%emt 00:00:35]} 40. g4 {[%clk 01:16:21]} {[%emt 00:00:11]} Kh6 {[%clk
00:58:21]} {[%emt 00:00:26]} 41. Re7 {[%clk 01:16:40]} {[%emt 00:00:12]} d4
{[%clk 00:58:22]} {[%emt 00:00:29]} 42. Ne5 {[%clk 01:16:41]} {[%emt 00:00:29]}
d3 {[%clk 00:58:11]} {[%emt 00:00:41]} 43. Kf2 {[%clk 01:16:59]} {[%emt
00:00:12]} d2 {[%clk 00:58:12]} {[%emt 00:00:29]} 44. Ke2 {[%clk 01:17:23]}
{[%emt 00:00:05]} d1=Q {[%clk 00:58:14]} {[%emt 00:00:29]} 45. Kxd1 {[%clk
01:17:51]} {[%emt 00:00:02]} a5 {[%clk 00:58:34]} {[%emt 00:00:10]} 46. Nd7
{[%clk 01:18:14]} {[%emt 00:00:06]} a4 {[%clk 00:58:44]} {[%emt 00:00:20]} 47.
Nf8 {[%emt 00:00:38]} 1-0

[Event "DVM U12 2022"]
[Site "München GER"]
[Date "2022.12.29"]
[Round "5"]
[White "Vesszö, Aaron"]
[Black "Neumeier, Valentina"]
[Result "0-1"]
[Termination "normal"]
[Board "5.2"]
[WhiteElo "1369"]
[BlackElo "1464"]
[WhiteClock "00:43:23"]
[BlackClock "00:28:22"]
[WhiteTeam "SchachAkademiePaderborn"]
[BlackTeam "SK Kelheim 1920"]
[PlyCount "104"]
[WhiteFideId "34619631"]
[BlackFideId "34608222"]
[EventCountry "GER"]
[EventRounds "7"]
[EventType "team-swiss"]
[EventDate "2022.12.26"]

1. d4 {[%clk 01:30:56]} {[%emt 00:00:03]} d5 {[%clk 01:30:56]} {[%emt
00:00:04]} 2. Nf3 {[%clk 01:31:20]} {[%emt 00:00:07]} Nf6 {[%clk 01:31:12]}
{[%emt 00:00:14]} 3. g3 {[%clk 01:31:42]} {[%emt 00:00:08]} e6 {[%clk
01:31:28]} {[%emt 00:00:14]} 4. Bg2 {[%clk 01:32:00]} {[%emt 00:00:12]} Be7
{[%clk 01:31:50]} {[%emt 00:00:08]} 5. O-O {[%clk 01:31:58]} {[%emt 00:00:31]}
O-O {[%clk 01:32:12]} {[%emt 00:00:08]} 6. c4 {[%clk 01:31:24]} {[%emt
00:01:03]} c6 {[%clk 01:32:37]} {[%emt 00:00:06]} 7. Nc3 {[%clk 01:31:43]}
{[%emt 00:00:12]} Nbd7 {[%clk 01:31:33]} {[%emt 00:01:34]} 8. a3 {[%clk
01:29:12]} {[%emt 00:03:01]} b6 {[%clk 01:28:55]} {[%emt 00:03:08]} 9. Re1
{[%clk 01:24:32]} {[%emt 00:05:09]} Ba6 {[%clk 01:24:47]} {[%emt 00:04:38]} 10.
b3 {[%clk 01:19:11]} {[%emt 00:05:50]} dxc4 {[%clk 01:14:19]} {[%emt 00:10:59]}
11. b4 {[%clk 01:02:06]} {[%emt 00:17:35]} Nd5 {[%clk 01:07:25]} {[%emt
00:07:24]} 12. Bb2 {[%clk 01:00:19]} {[%emt 00:02:17]} Rb8 {[%clk 01:00:51]}
{[%emt 00:07:04]} 13. Nd2 {[%clk 00:49:57]} {[%emt 00:10:52]} N7f6 {[%clk
00:52:15]} {[%emt 00:09:06]} 14. e4 {[%clk 00:45:26]} {[%emt 00:05:01]} Nc7
{[%clk 00:49:41]} {[%emt 00:03:04]} 15. Nf3 {[%clk 00:41:02]} {[%emt 00:04:54]}
c5 {[%clk 00:47:41]} {[%emt 00:02:31]} 16. Ne5 {[%clk 00:38:58]} {[%emt
00:02:33]} Qd6 {[%clk 00:44:19]} {[%emt 00:03:51]} 17. Nf3 {[%clk 00:35:39]}
{[%emt 00:03:50]} Qd8 {[%clk 00:38:00]} {[%emt 00:06:45]} 18. Ne5 {[%clk
00:35:41]} {[%emt 00:00:32]} Qe8 {[%clk 00:35:39]} {[%emt 00:02:51]} 19. d5
{[%clk 00:33:23]} {[%emt 00:02:48]} Bd6 {[%clk 00:33:12]} {[%emt 00:02:57]} 20.
Nc6 {[%clk 00:33:09]} {[%emt 00:00:44]} Rb7 {[%clk 00:33:30]} {[%emt 00:00:13]}
21. e5 {[%clk 00:33:21]} {[%emt 00:00:17]} exd5 {[%clk 00:29:57]} {[%emt
00:04:02]} 22. exd6 {[%clk 00:33:18]} {[%emt 00:00:33]} Qxc6 {[%clk 00:29:59]}
{[%emt 00:00:28]} 23. dxc7 {[%clk 00:33:37]} {[%emt 00:00:11]} Rxc7 {[%clk
00:30:00]} {[%emt 00:00:29]} 24. Nxd5 {[%clk 00:33:48]} {[%emt 00:00:19]} Nxd5
{[%clk 00:29:35]} {[%emt 00:00:55]} 25. Bxd5 {[%clk 00:33:34]} {[%emt
00:00:43]} Qg6 {[%clk 00:28:23]} {[%emt 00:01:36]} 26. Be4 {[%clk 00:33:36]}
{[%emt 00:00:34]} Qh6 {[%clk 00:27:43]} {[%emt 00:01:08]} 27. Bc1 {[%clk
00:33:38]} {[%emt 00:00:30]} Qf6 {[%clk 00:27:58]} {[%emt 00:00:12]} 28. Bf4
{[%clk 00:32:14]} {[%emt 00:01:57]} Re7 {[%clk 00:25:50]} {[%emt 00:02:20]} 29.
h4 {[%clk 00:26:53]} {[%emt 00:06:08]} h6 {[%clk 00:24:15]} {[%emt 00:02:05]}
30. Qg4 {[%clk 00:27:08]} {[%emt 00:00:15]} Rxe4 {[%clk 00:22:34]} {[%emt
00:02:12]} 31. Rad1 {[%clk 00:23:32]} {[%emt 00:04:05]} Rxe1 {[%clk 00:22:35]}
{[%emt 00:00:30]} 32. Rxe1 {[%clk 00:23:46]} {[%emt 00:00:15]} Rd8 {[%clk
00:18:33]} {[%emt 00:04:33]} 33. Bc7 {[%clk 00:20:29]} {[%emt 00:03:47]} Rd2
{[%clk 00:17:05]} {[%emt 00:01:57]} 34. Re8 {[%clk 00:20:08]} {[%emt 00:00:51]}
Kh7 {[%clk 00:17:17]} {[%emt 00:00:15]} 35. Qe4 {[%clk 00:17:00]} {[%emt
00:03:41]} Qg6 {[%clk 00:13:49]} {[%emt 00:03:58]} 36. Qa8 {[%clk 00:16:59]}
{[%emt 00:00:31]} Qf6 {[%clk 00:11:58]} {[%emt 00:02:21]} 37. Qe4 {[%clk
00:14:23]} {[%emt 00:03:05]} g6 {[%clk 00:11:03]} {[%emt 00:01:26]} 38. Bf4
{[%clk 00:14:28]} {[%emt 00:00:24]} Ra2 {[%clk 00:08:37]} {[%emt 00:02:48]} 39.
Qe5 {[%clk 00:14:42]} {[%emt 00:00:25]} Qg7 {[%clk 00:05:12]} {[%emt 00:03:53]}
40. Qe3 {[%clk 00:09:35]} {[%emt 00:05:38]} Ra1 {[%clk 00:03:39]} {[%emt
00:02:03]} 41. Kh2 {[%clk 00:09:39]} {[%emt 00:00:26]} Bb7 {[%clk 00:01:41]}
{[%emt 00:02:28]} 42. f3 {[%clk 00:09:48]} {[%emt 00:00:22]} Qb2 {[%clk
00:01:21]} {[%emt 00:00:50]} 43. Qe2 {[%clk 00:09:25]} {[%emt 00:00:53]} Qxe2
{[%clk 00:27:38]} {[%emt 00:04:42]} 44. Rxe2 {[%clk 00:40:43]} {[%emt
00:00:12]} Bxf3 {[%clk 00:27:37]} {[%emt 00:00:32]} 45. Rg2 {[%clk 00:41:08]}
{[%emt 00:00:05]} Bxg2 {[%clk 00:27:51]} {[%emt 00:00:15]} 46. Kxg2 {[%clk
00:41:34]} {[%emt 00:00:05]} c3 {[%clk 00:27:49]} {[%emt 00:00:33]} 47. bxc5
{[%clk 00:41:50]} {[%emt 00:00:13]} bxc5 {[%clk 00:27:34]} {[%emt 00:00:45]}
48. Be3 {[%clk 00:42:09]} {[%emt 00:00:11]} c2 {[%clk 00:27:42]} {[%emt
00:00:21]} 49. Kf2 {[%clk 00:42:34]} {[%emt 00:00:04]} c1=Q {[%clk 00:27:54]}
{[%emt 00:00:19]} 50. Bxc1 {[%clk 00:42:56]} {[%emt 00:00:08]} Rxc1 {[%clk
00:28:20]} {[%emt 00:00:04]} 51. Ke2 {[%clk 00:43:13]} {[%emt 00:00:13]} Rc3
{[%clk 00:28:22]} {[%emt 00:00:27]} 52. g4 {[%clk 00:43:23]} {[%emt 00:00:21]}
Rxa3 {[%emt 00:00:42]} 0-1

[Event "DVM U12 2022"]
[Site "München GER"]
[Date "2022.12.29"]
[Round "5"]
[White "Neumeier, Konstantin"]
[Black "Burban, Victor"]
[Result "1/2-1/2"]
[Termination "normal"]
[Board "5.3"]
[WhiteElo "1443"]
[BlackElo "1357"]
[WhiteClock "00:04:40"]
[BlackClock "00:36:59"]
[WhiteTeam "SK Kelheim 1920"]
[BlackTeam "SchachAkademiePaderborn"]
[PlyCount "157"]
[WhiteFideId "34608230"]
[BlackFideId "34609032"]
[EventCountry "GER"]
[EventRounds "7"]
[EventType "team-swiss"]
[EventDate "2022.12.26"]

1. e4 {[%clk 01:30:57]} {[%emt 00:00:02]} e6 {[%clk 01:30:55]} {[%emt
00:00:06]} 2. b3 {[%clk 01:31:20]} {[%emt 00:00:06]} d5 {[%clk 01:31:11]}
{[%emt 00:00:15]} 3. Bb2 {[%clk 01:31:46]} {[%emt 00:00:05]} dxe4 {[%clk
01:31:28]} {[%emt 00:00:12]} 4. Nc3 {[%clk 01:32:09]} {[%emt 00:00:07]} Nf6
{[%clk 01:31:39]} {[%emt 00:00:20]} 5. Qe2 {[%clk 01:32:33]} {[%emt 00:00:07]}
Bb4 {[%clk 01:31:41]} {[%emt 00:00:27]} 6. O-O-O {[%clk 01:32:35]} {[%emt
00:00:28]} Qe7 {[%clk 01:31:39]} {[%emt 00:00:32]} 7. Nxe4 {[%clk 01:32:28]}
{[%emt 00:00:37]} Nbd7 {[%clk 01:31:34]} {[%emt 00:00:35]} 8. Qc4 {[%clk
01:29:30]} {[%emt 00:03:28]} c6 {[%clk 01:29:19]} {[%emt 00:02:45]} 9. Nf3
{[%clk 01:24:51]} {[%emt 00:05:09]} Ba3 {[%clk 01:27:01]} {[%emt 00:02:48]} 10.
h4 {[%clk 01:23:05]} {[%emt 00:02:16]} h5 {[%clk 01:21:46]} {[%emt 00:05:45]}
11. Nfg5 {[%clk 01:21:11]} {[%emt 00:02:24]} Nb6 {[%clk 01:14:32]} {[%emt
00:07:44]} 12. Qd3 {[%clk 01:16:50]} {[%emt 00:04:43]} Bxb2 {[%clk 01:11:25]}
{[%emt 00:03:44]} 13. Kxb2 {[%clk 01:16:03]} {[%emt 00:01:19]} Nxe4 {[%clk
01:07:28]} {[%emt 00:04:26]} 14. Nxe4 {[%emt 00:01:36]} Nd5 {[%clk 00:58:53]}
{[%emt 00:09:02]} 15. g3 {[%clk 01:07:22]} {[%emt 00:08:08]} Bd7 {[%clk
00:56:06]} {[%emt 00:03:17]} 16. Bg2 {[%clk 01:07:10]} {[%emt 00:00:41]} O-O-O
{[%clk 00:55:50]} {[%emt 00:00:47]} 17. Qd4 {[%clk 01:07:23]} {[%emt 00:00:17]}
Nf6 {[%clk 00:53:34]} {[%emt 00:02:47]} 18. Qxa7 {[%clk 01:07:04]} {[%emt
00:00:50]} Nxe4 {[%clk 00:51:59]} {[%emt 00:02:03]} 19. Bxe4 {[%clk 01:07:17]}
{[%emt 00:00:18]} Kc7 {[%clk 00:50:18]} {[%emt 00:02:11]} 20. Rhe1 {[%clk
01:05:33]} {[%emt 00:02:14]} Ra8 {[%clk 00:47:57]} {[%emt 00:02:50]} 21. Qd4
{[%clk 01:05:25]} {[%emt 00:00:38]} e5 {[%clk 00:46:21]} {[%emt 00:02:07]} 22.
Qc3 {[%clk 01:04:11]} {[%emt 00:01:43]} Qa3 {[%clk 00:43:53]} {[%emt 00:02:59]}
23. Kb1 {[%clk 01:04:30]} {[%emt 00:00:10]} Qxa2 {[%clk 00:42:03]} {[%emt
00:02:19]} 24. Kc1 {[%clk 01:04:54]} {[%emt 00:00:07]} f6 {[%clk 00:40:06]}
{[%emt 00:02:28]} 25. d3 {[%clk 01:04:51]} {[%emt 00:00:33]} Bg4 {[%clk
00:37:43]} {[%emt 00:02:53]} 26. f3 {[%clk 01:04:47]} {[%emt 00:00:35]} Bd7
{[%clk 00:37:21]} {[%emt 00:00:51]} 27. Kd2 {[%clk 01:04:38]} {[%emt 00:00:38]}
Qa5 {[%clk 00:36:15]} {[%emt 00:01:36]} 28. Qxa5 {[%clk 01:03:58]} {[%emt
00:01:11]} Rxa5 {[%clk 00:35:38]} {[%emt 00:01:05]} 29. f4 {[%clk 00:57:29]}
{[%emt 00:07:00]} Rd8 {[%clk 00:32:19]} {[%emt 00:03:48]} 30. fxe5 {[%clk
00:56:27]} {[%emt 00:01:33]} Rxe5 {[%clk 00:31:26]} {[%emt 00:01:22]} 31. Bg6
{[%clk 00:56:27]} {[%emt 00:00:31]} Be8 {[%clk 00:29:29]} {[%emt 00:02:27]} 32.
Rxe5 {[%clk 00:55:58]} {[%emt 00:00:59]} fxe5 {[%clk 00:29:49]} {[%emt
00:00:09]} 33. Bxe8 {[%clk 00:56:09]} {[%emt 00:00:20]} Rxe8 {[%clk 00:30:03]}
{[%emt 00:00:15]} 34. Rf1 {[%clk 00:56:26]} {[%emt 00:00:13]} Kd6 {[%clk
00:29:16]} {[%emt 00:01:18]} 35. Rf7 {[%clk 00:56:12]} {[%emt 00:00:45]} Re7
{[%clk 00:29:20]} {[%emt 00:00:25]} 36. Rxe7 {[%clk 00:56:35]} {[%emt
00:00:07]} Kxe7 {[%clk 00:29:41]} {[%emt 00:00:09]} 37. Ke3 {[%clk 00:56:07]}
{[%emt 00:00:59]} Kf6 {[%clk 00:29:38]} {[%emt 00:00:32]} 38. Ke4 {[%clk
00:54:49]} {[%emt 00:01:48]} g5 {[%clk 00:28:43]} {[%emt 00:01:26]} 39. c4
{[%clk 00:53:47]} {[%emt 00:01:32]} b6 {[%clk 00:26:55]} {[%emt 00:02:17]} 40.
b4 {[%clk 00:52:56]} {[%emt 00:01:21]} gxh4 {[%clk 00:26:55]} {[%emt 00:00:31]}
41. gxh4 {[%clk 00:53:08]} {[%emt 00:00:18]} Ke6 {[%clk 00:26:05]} {[%emt
00:01:20]} 42. c5 {[%clk 00:51:17]} {[%emt 00:02:20]} b5 {[%clk 00:24:31]}
{[%emt 00:02:04]} 43. d4 {[%clk 00:47:49]} {[%emt 00:03:59]} exd4 {[%clk
00:24:01]} {[%emt 00:00:59]} 44. Kxd4 {[%clk 00:47:12]} {[%emt 00:01:07]} Kf5
{[%clk 00:23:53]} {[%emt 00:00:39]} 45. Ke3 {[%clk 00:47:35]} {[%emt 00:00:08]}
Kg4 {[%clk 00:23:40]} {[%emt 00:00:42]} 46. Ke4 {[%clk 00:47:46]} {[%emt
00:00:19]} Kxh4 {[%clk 00:23:58]} {[%emt 00:00:12]} 47. Ke5 {[%clk 00:48:11]}
{[%emt 00:00:05]} Kg3 {[%clk 00:24:16]} {[%emt 00:00:12]} 48. Kd6 {[%clk
00:48:35]} {[%emt 00:00:06]} h4 {[%clk 00:24:16]} {[%emt 00:00:30]} 49. Kxc6
{[%clk 00:48:57]} {[%emt 00:00:08]} h3 {[%clk 00:24:26]} {[%emt 00:00:20]} 50.
Kd7 {[%clk 00:49:16]} {[%emt 00:00:10]} h2 {[%clk 00:24:16]} {[%emt 00:00:42]}
51. c6 {[%clk 00:49:33]} {[%emt 00:00:13]} h1=Q {[%clk 00:24:39]} {[%emt
00:00:05]} 52. c7 {[%clk 00:49:55]} {[%emt 00:00:08]} Qd5 {[%clk 00:24:37]}
{[%emt 00:00:33]} 53. Kc8 {[%clk 00:50:11]} {[%emt 00:00:14]} Qc4 {[%clk
00:22:04]} {[%emt 00:03:03]} 54. Kb7 {[%clk 00:49:54]} {[%emt 00:00:46]} Qxb4
{[%clk 00:21:52]} {[%emt 00:00:43]} 55. c8=Q {[%clk 00:50:06]} {[%emt
00:00:18]} Qe4 {[%clk 00:20:49]} {[%emt 00:01:32]} 56. Ka6 {[%clk 00:49:05]}
{[%emt 00:01:29]} b4 {[%clk 00:20:28]} {[%emt 00:00:54]} 57. Qg8 {[%clk
00:47:36]} {[%emt 00:01:49]} Kf4 {[%clk 00:20:01]} {[%emt 00:01:06]} 58. Qf8
{[%clk 00:45:26]} {[%emt 00:02:41]} Ke3 {[%clk 00:19:56]} {[%emt 00:00:35]} 59.
Qc5 {[%clk 00:27:31]} {[%emt 00:18:24]} Kd3 {[%clk 00:19:40]} {[%emt 00:00:47]}
60. Ka5 {[%clk 00:18:44]} {[%emt 00:09:17]} b3 {[%clk 00:19:11]} {[%emt
00:00:59]} 61. Qc1 {[%clk 00:08:44]} {[%emt 00:10:29]} Qe2 {[%clk 00:17:21]}
{[%emt 00:02:20]} 62. Kb4 {[%clk 00:03:41]} {[%emt 00:05:32]} b2 {[%clk
00:16:01]} {[%emt 00:01:51]} 63. Qc3 {[%clk 00:25:24]} {[%emt 00:08:48]} Ke4
{[%clk 00:46:12]} {[%emt 00:00:19]} 64. Qc6 {[%clk 00:25:35]} {[%emt 00:00:19]}
Ke3 {[%clk 00:45:49]} {[%emt 00:00:53]} 65. Qc3 {[%clk 00:20:05]} {[%emt
00:05:56]} Kf2 {[%clk 00:45:26]} {[%emt 00:00:58]} 66. Qf6 {[%clk 00:17:18]}
{[%emt 00:03:17]} Ke1 {[%clk 00:45:17]} {[%emt 00:00:38]} 67. Qg6 {[%clk
00:12:26]} {[%emt 00:05:22]} Qd1 {[%clk 00:41:00]} {[%emt 00:04:47]} 68. Qg1
{[%clk 00:11:11]} {[%emt 00:01:43]} Kd2 {[%clk 00:40:53]} {[%emt 00:00:39]} 69.
Qd4 {[%clk 00:09:36]} {[%emt 00:02:05]} Kc1 {[%clk 00:40:27]} {[%emt 00:00:56]}
70. Qc3 {[%clk 00:08:54]} {[%emt 00:01:06]} Kb1 {[%clk 00:39:29]} {[%emt
00:01:35]} 71. Ka3 {[%clk 00:06:02]} {[%emt 00:03:20]} Qd6 {[%clk 00:39:01]}
{[%emt 00:00:59]} 72. Kb3 {[%clk 00:05:32]} {[%emt 00:01:00]} Qb6 {[%clk
00:38:26]} {[%emt 00:01:05]} 73. Ka3 {[%clk 00:05:00]} {[%emt 00:01:03]} Qa6
{[%clk 00:38:07]} {[%emt 00:00:48]} 74. Kb3 {[%clk 00:05:03]} {[%emt 00:00:25]}
Qa2 {[%clk 00:38:02]} {[%emt 00:00:37]} 75. Kb4 {[%clk 00:05:28]} {[%emt
00:00:05]} Ka1 {[%clk 00:37:25]} {[%emt 00:01:08]} 76. Kb5 {[%clk 00:05:15]}
{[%emt 00:00:40]} Qd5 {[%clk 00:37:05]} {[%emt 00:00:50]} 77. Kb4 {[%clk
00:05:04]} {[%emt 00:00:41]} Qb7 {[%clk 00:36:58]} {[%emt 00:00:39]} 78. Ka3
{[%clk 00:04:39]} {[%emt 00:00:55]} Qa6 {[%clk 00:36:59]} {[%emt 00:00:29]} 79.
Kb3 {[%clk 00:04:40]} {[%emt 00:00:30]} 1/2-1/2

[Event "DVM U12 2022"]
[Site "München GER"]
[Date "2022.12.29"]
[Round "5"]
[White "Burban, Bogdan"]
[Black "Sitnik, Arthur"]
[Result "1-0"]
[Termination "normal"]
[Board "5.4"]
[WhiteElo "1258"]
[BlackElo "1253"]
[WhiteClock "01:04:03"]
[BlackClock "00:38:57"]
[WhiteTeam "SchachAkademiePaderborn"]
[BlackTeam "SK Kelheim 1920"]
[PlyCount "69"]
[WhiteFideId "34609040"]
[BlackFideId "34608150"]
[EventCountry "GER"]
[EventRounds "7"]
[EventType "team-swiss"]
[EventDate "2022.12.26"]

1. d4 {[%clk 01:30:57]} {[%emt 00:00:01]} d5 {[%clk 01:30:57]} {[%emt
00:00:04]} 2. c4 {[%clk 01:31:22]} {[%emt 00:00:05]} c6 {[%clk 01:31:24]}
{[%emt 00:00:04]} 3. cxd5 {[%clk 01:31:48]} {[%emt 00:00:04]} cxd5 {[%clk
01:31:49]} {[%emt 00:00:05]} 4. Nc3 {[%clk 01:32:13]} {[%emt 00:00:05]} Nf6
{[%clk 01:32:05]} {[%emt 00:00:13]} 5. Nf3 {[%clk 01:32:37]} {[%emt 00:00:06]}
Nc6 {[%clk 01:32:28]} {[%emt 00:00:07]} 6. Qb3 {[%clk 01:33:00]} {[%emt
00:00:07]} e6 {[%clk 01:32:44]} {[%emt 00:00:14]} 7. Bg5 {[%clk 01:33:21]}
{[%emt 00:00:09]} h6 {[%clk 01:31:50]} {[%emt 00:01:24]} 8. Bh4 {[%clk
01:33:24]} {[%emt 00:00:28]} Na5 {[%clk 01:27:20]} {[%emt 00:05:00]} 9. Qc2
{[%clk 01:32:44]} {[%emt 00:01:09]} Nc4 {[%clk 01:26:21]} {[%emt 00:01:30]} 10.
e3 {[%clk 01:31:54]} {[%emt 00:01:19]} Nb6 {[%clk 01:22:43]} {[%emt 00:04:08]}
11. Bd3 {[%clk 01:30:18]} {[%emt 00:02:05]} Bd7 {[%clk 01:19:58]} {[%emt
00:03:15]} 12. O-O {[%clk 01:29:03]} {[%emt 00:01:46]} g5 {[%clk 01:19:12]}
{[%emt 00:01:16]} 13. Bg3 {[%clk 01:29:14]} {[%emt 00:00:18]} Rc8 {[%clk
01:15:10]} {[%emt 00:04:32]} 14. Rac1 {[%clk 01:27:14]} {[%emt 00:02:29]} Na4
{[%clk 01:08:21]} {[%emt 00:07:20]} 15. Qb3 {[%clk 01:24:23]} {[%emt 00:03:21]}
Nxc3 {[%clk 01:08:05]} {[%emt 00:00:47]} 16. Rxc3 {[%clk 01:24:34]} {[%emt
00:00:19]} Rxc3 {[%clk 01:08:14]} {[%emt 00:00:21]} 17. Qxc3 {[%clk 01:24:48]}
{[%emt 00:00:16]} Ne4 {[%clk 01:06:42]} {[%emt 00:02:02]} 18. Bxe4 {[%clk
01:23:16]} {[%emt 00:02:02]} dxe4 {[%clk 01:07:06]} {[%emt 00:00:07]} 19. Ne5
{[%clk 01:22:49]} {[%emt 00:00:57]} Bb5 {[%clk 01:03:23]} {[%emt 00:04:13]} 20.
Rc1 {[%clk 01:22:23]} {[%emt 00:00:56]} f6 {[%clk 01:01:04]} {[%emt 00:02:49]}
21. Qb3 {[%clk 01:20:32]} {[%emt 00:02:21]} Bd7 {[%clk 00:48:20]} {[%emt
00:13:14]} 22. Ng6 {[%clk 01:16:51]} {[%emt 00:04:11]} Rg8 {[%clk 00:46:39]}
{[%emt 00:02:11]} 23. Nxf8 {[%clk 01:17:04]} {[%emt 00:00:18]} Rxf8 {[%clk
00:47:00]} {[%emt 00:00:08]} 24. Qxb7 {[%clk 01:17:06]} {[%emt 00:00:29]} a5
{[%clk 00:46:40]} {[%emt 00:00:48]} 25. Qxe4 {[%clk 01:17:12]} {[%emt
00:00:25]} f5 {[%clk 00:46:47]} {[%emt 00:00:24]} 26. Qe5 {[%clk 01:15:58]}
{[%emt 00:01:43]} Qf6 {[%clk 00:44:10]} {[%emt 00:03:07]} 27. Qb8 {[%clk
01:14:54]} {[%emt 00:01:34]} Kf7 {[%clk 00:43:35]} {[%emt 00:01:06]} 28. Qc7
{[%clk 01:14:36]} {[%emt 00:00:48]} Qd8 {[%clk 00:42:34]} {[%emt 00:01:30]} 29.
Qd6 {[%clk 01:12:41]} {[%emt 00:02:22]} Qe7 {[%clk 00:41:51]} {[%emt 00:01:16]}
30. Qe5 {[%clk 01:11:15]} {[%emt 00:01:55]} Qb4 {[%clk 00:39:46]} {[%emt
00:02:36]} 31. h3 {[%clk 01:08:20]} {[%emt 00:03:26]} Qxb2 {[%clk 00:38:40]}
{[%emt 00:01:37]} 32. Rc7 {[%clk 01:06:48]} {[%emt 00:02:01]} Qb1 {[%clk
00:38:23]} {[%emt 00:00:42]} 33. Kh2 {[%clk 01:07:06]} {[%emt 00:00:16]} Ke8
{[%clk 00:38:43]} {[%emt 00:00:11]} 34. Qg7 {[%clk 01:04:57]} {[%emt 00:02:39]}
Qb5 {[%clk 00:38:57]} {[%emt 00:00:15]} 35. Bd6 {[%clk 01:04:03]} {[%emt
00:01:25]} 1-0